|
|
|
|
| LEADER |
00000nam a2200000 a 4500 |
| 001 |
vtls001285790 |
| 003 |
SK-MaSNL |
| 005 |
20260301113431.0 |
| 008 |
240314s1969 xo 0 und |
| 035 |
|
|
|a SNK000237325
|
| 040 |
|
|
|a SNK
|b slo
|c SNK
|e AACR2
|
| 044 |
|
|
|a xo
|c SK
|
| 100 |
1 |
|
|a Swift, Jonathan,
|d 1667-1745
|4 aut
|9 98559
|
| 245 |
1 |
0 |
|a Guliverove cesty
|
| 260 |
|
|
|a Bratislava
|b Mladé letá
|c 1969
|
| 300 |
|
|
|a 110 s.
|
| 958 |
|
|
|a OND
|
| 999 |
|
|
|c 714201
|d 716131
|
| 952 |
|
|
|a SNK
|b SNK
|y PREZ
|7 0
|p 17A0490915
|o snkSD 36121
|i snkKSP 8039/69
|0 0
|1 0
|4 0
|d 2005-11-30
|l 0
|r 2026-02-23 21:41:12
|w 2026-02-23
|
| 952 |
|
|
|a SNK
|b SNK
|y PREZ
|7 0
|p 17A0064701
|o snkSD 36121 D1
|i snkKSP 8040/69
|0 0
|1 0
|4 0
|d 1997-05-06
|l 0
|r 2005-01-02 00:00:00
|w 2026-02-23
|